| 000 | 00680nam a2200205 a 4500 | ||
|---|---|---|---|
| 005 | 20210219153332.0 | ||
| 008 | 991125n 000 0 spa u | ||
| 035 | _aUPN01000091909 | ||
| 100 | 1 | _aAcuña Castro, Yolanda | |
| 222 |
_aEDUCACION : _bREVISTA DE LA UNIVERSIDAD DE COSTA RICA |
||
| 245 | _aPercepcion de los usuarios sobre la calidad del servicio de atencion en ventanilla del departamento de registro de la Universidad Nacional | ||
| 300 | _a225-244 | ||
| 362 | 0 | _a1999 Vol. 23, no.1 | |
| 653 | 0 | _aEVALUACION INSTITUCIONAL | |
| 653 | 0 | _aSERVICIOS ADMINISTRATIVOS | |
| 653 | 0 | _aUNIVERSIDADES | |
| 653 | 0 | _aUSUARIOS | |
| 904 |
_aAC _b029720 |
||
| 905 | _aArticulo | ||
| 999 |
_c74193 _d74193 |
||